000 00283nam a2200121Ia 4500
008 191201s2012 xx 000 0 und d
100 _aNARULA, TR
245 0 _aApplied physics Vol 1
250 _a1st
260 _c2012
_bNORTH PUB.
_aNEW DELHI
300 _a208
942 _2ddc
_cBK
_014
999 _c8077
_d8077